00289 a2200133 4500001000700000020002200007040001100029100002000040240003700060245003200097300000700129362000900136440001000145188124 a978-85-357-1455-5 cMagnum aBarros, Sônia10aO gato que comia couve-florlpor10aO gato que comia couve-flor a160 a2011 1aAtual